[Event "Ä15Ï"]
[Site "Loo"]
[Date "2017.04.23"]
[Round "4.22"]
[White "Ëûñåíêî, Îëåñÿ."]
[Black "Øåëåæîíêîâà, Êñåíèÿ."]
[Result "1-0"]
[WhiteElo "1500"]
[BlackElo "1374"]
[PlyCount "69"]
[EventDate "2017.04.20"]

1. e4 c5 2. Nc3 d6 3. f4 e6 4. Nf3 Nc6 5. g3 g6 6. Bg2 Bg7 7. O-O Nge7 8. d3
O-O 9. Ne2 b5 10. g4 f5 11. g5 Rb8 12. Ng3 a5 13. h4 b4 14. h5 a4 15. Rb1 Qb6
16. Be3 Nd4 17. Bxd4 cxd4 18. Nh4 Ba6 19. Rf2 b3 20. cxb3 axb3 21. a3 Qb5 22.
Bf1 Qb6 23. exf5 gxf5 24. h6 Bh8 25. Qh5 Rfe8 26. g6 hxg6 27. Nxg6 Kh7 28. Nxe7
Rxe7 29. Re1 Rg8 30. Rg2 Qc7 31. Nxf5 Rxg2+ 32. Bxg2 Bxd3 33. Nxe7 Qxe7 34. f5
Qa7 35. Qg6# 1-0

[Event "Ä15Ï"]
[Site "Loo"]
[Date "2017.04.23"]
[Round "4.23"]
[White "Êèñåëåâà, Åëèçàâåòà."]
[Black "Ëàçóðåíêî, Êñåíèÿ."]
[Result "1-0"]
[WhiteElo "1499"]
[BlackElo "1343"]
[PlyCount "87"]
[EventDate "2017.04.20"]

1. e4 c5 2. Nf3 Nc6 3. d4 cxd4 4. Nxd4 d6 5. c4 g6 6. Nc3 Bg7 7. Be3 Nf6 8. Be2
Bd7 9. O-O O-O 10. f3 Qb6 11. Qd2 Nxe4 12. Nxe4 Bxd4 13. c5 dxc5 14. Kh1 Rfd8
15. Bxd4 cxd4 16. Qh6 g5 17. Nxg5 Bf5 18. g4 Rd6 19. Qh4 Bc2 20. Bc4 Ne5 21.
Bb3 Rh6 22. Qg3 Bxb3 23. axb3 Nd3 24. Ne4 Rc8 25. g5 Rhc6 26. Nf6+ Kg7 27. Nd5
Qd8 28. Nf4 Nxb2 29. Nh5+ Kg6 30. Qe5 f6 31. gxf6 Kf7 32. fxe7 Qxe7 33. Qg7+
Ke8 34. Rae1 Re6 35. Nf6+ Kd8 36. Qg8+ Kc7 37. Qxe6 Qxe6 38. Rxe6 d3 39. Nd5+
Kd7 40. Ree1 d2 41. Rb1 d1=Q 42. Rbxd1 Nxd1 43. Rxd1 Rf8 44. Kg2 1-0

[Event "Ä15Ï"]
[Site "Loo"]
[Date "2017.04.23"]
[Round "4.25"]
[White "Ïàêååâà, Íàìëàíà."]
[Black "Øàïîâàëîâà, Âèêòîðèÿ."]
[Result "1-0"]
[WhiteElo "1630"]
[BlackElo "1400"]
[PlyCount "83"]
[EventDate "2017.04.20"]

1. e4 c5 2. Nf3 d6 3. d4 cxd4 4. Nxd4 Nf6 5. Nc3 a6 6. h3 e6 7. g4 h6 8. Bg2
Be7 9. O-O Qc7 10. Be3 Bd7 11. Qd2 Nc6 12. f4 Nxd4 13. Bxd4 e5 14. Be3 Rc8 15.
f5 Qc4 16. Rfe1 b5 17. a3 a5 18. Bf1 Nxe4 19. Qg2 Qc6 20. Bxb5 Qb7 21. Qxe4
Qxe4 22. Bxd7+ Kxd7 23. Nxe4 Rxc2 24. Rab1 d5 25. Red1 Kc6 26. Rbc1 Rxc1 27.
Rxc1+ Kb7 28. Nc5+ Bxc5 29. Rxc5 d4 30. Bd2 Re8 31. Rxa5 e4 32. Rd5 d3 33. Be3
Kc7 34. Kf2 Kc6 35. Rd4 Re5 36. Kg3 Rd5 37. Rxd5 Kxd5 38. Kf4 g5+ 39. fxg6 fxg6
40. h4 Kc4 41. Kxe4 h5 42. g5 1-0

[Event "Ä15Ï"]
[Site "Loo"]
[Date "2017.04.23"]
[Round "4.26"]
[White "Òèíèíà, Êðèñòèíà."]
[Black "Íèêîíîðîâà, Ìåëàíèÿ."]
[Result "1-0"]
[WhiteElo "1611"]
[BlackElo "1321"]
[PlyCount "27"]
[EventDate "2017.04.20"]

1. e4 c5 2. Nf3 d6 3. d4 cxd4 4. Nxd4 Nf6 5. Nc3 e5 6. Bb5+ Nbd7 7. Nf5 Qc7 8.
Bg5 a6 9. Bxf6 axb5 10. Bxg7 Bxg7 11. Nxg7+ Kf8 12. Nf5 Ra6 13. Qd2 Qc6 14. Qg5
1-0

[Event "Ä15Ï"]
[Site "Loo"]
[Date "2017.04.23"]
[Round "4.27"]
[White "Êàìàåâà, Äæàìèëÿ."]
[Black "Åãîðîâà, Àíàñòàñèÿ."]
[Result "1-0"]
[WhiteElo "1563"]
[BlackElo "1308"]
[PlyCount "49"]
[EventDate "2017.04.20"]

1. d4 Nf6 2. Nf3 g6 3. g3 Bg7 4. Bg2 O-O 5. O-O Nc6 6. c4 e6 7. d5 exd5 8. cxd5
Ne7 9. Nc3 d6 10. e4 c6 11. Bf4 cxd5 12. exd5 a6 13. Qd2 Bf5 14. Bh6 Qd7 15.
Bxg7 Kxg7 16. Rfe1 Rfe8 17. Qd4 Kg8 18. Qxf6 h6 19. Qd4 Bh3 20. Ne4 Qc7 21.
Nf6+ Kf8 22. Nxe8 Kxe8 23. Qh8+ Kd7 24. Bxh3+ Nf5 25. Bxf5+ 1-0

[Event "Ä15Ï"]
[Site "Loo"]
[Date "2017.04.23"]
[Round "4.28"]
[White "Àñàòðÿí, Ìàðèÿ."]
[Black "Ëèíöîâà, Ëèëèÿ."]
[Result "1/2-1/2"]
[WhiteElo "1349"]
[BlackElo "1524"]
[PlyCount "64"]
[EventDate "2017.04.20"]

1. d4 d5 2. c4 dxc4 3. e3 e5 4. dxe5 Qxd1+ 5. Kxd1 Nc6 6. Nf3 Bg4 7. e6 Bxe6 8.
Ng5 O-O-O+ 9. Ke1 Nb4 10. Na3 Nd3+ 11. Bxd3 cxd3 12. Nxe6 fxe6 13. Nc4 Nf6 14.
f3 Bd6 15. e4 Bb4+ 16. Bd2 Bxd2+ 17. Kxd2 Rd4 18. b3 Rhd8 19. Rhd1 Nd7 20. Kc3
Nc5 21. a4 Kb8 22. Rd2 h6 23. b4 Na6 24. Rb1 c5 25. b5 Nb4 26. Rbd1 Kc8 27. Ne5
Kc7 28. h3 Kc8 29. Nc4 Kc7 30. Ne5 Kc8 31. Nc4 Kc7 32. Ne5 Kc8 1/2-1/2

[Event "Ä15Ï"]
[Site "Loo"]
[Date "2017.04.23"]
[Round "4.29"]
[White "Ìàòþíèíà, Ñîôüÿ."]
[Black "Áû÷åíêîâà, Àíãåëèíà."]
[Result "0-1"]
[WhiteElo "1348"]
[BlackElo "1500"]
[PlyCount "74"]
[EventDate "2017.04.20"]

1. e4 e6 2. d4 d5 3. e5 c5 4. c3 Nc6 5. Nf3 Qb6 6. a3 a5 7. b3 Bd7 8. Be3 cxd4
9. cxd4 Nge7 10. Be2 Nf5 11. Nc3 Nxe3 12. fxe3 Rc8 13. Qc2 Be7 14. O-O O-O 15.
Na4 Qd8 16. Qd3 Na7 17. Nc3 Qb6 18. Rfb1 Qc7 19. Nd1 Bb5 20. Qd2 Qc2 21. Bxb5
Qxd2 22. Nxd2 Nxb5 23. a4 Nc3 24. Rb2 Bb4 25. Kf2 Ba3 26. Ke1 Bxb2 27. Nxb2 Rc7
28. Nd3 b6 29. b4 axb4 30. Nxb4 Ra8 31. Rc1 Rxa4 32. Nd3 Raa7 33. Nb3 Ne4 34.
Rd1 Ra2 35. Nbc1 Rxg2 36. h3 Rg1+ 37. Ke2 Rc2+ 0-1

[Event "Ä15Ï"]
[Site "Loo"]
[Date "2017.04.23"]
[Round "4.32"]
[White "Êðàñíþê, Âåðîíèêà."]
[Black "Ñàðãóçèíà, Ìàðòà."]
[Result "0-1"]
[WhiteElo "1337"]
[BlackElo "1462"]
[PlyCount "60"]
[EventDate "2017.04.20"]

1. d4 Nf6 2. Nf3 g6 3. e3 Bg7 4. Bd3 d6 5. Nbd2 O-O 6. O-O Nc6 7. Qe2 e5 8.
dxe5 dxe5 9. e4 Ne8 10. b3 f5 11. exf5 gxf5 12. Rb1 e4 13. Bc4+ Kh8 14. Ne1 Ne5
15. Bb2 Nd6 16. Kh1 c6 17. b4 Qh4 18. Bxe5 Bxe5 19. g3 Qh6 20. f4 Bc3 21. Bb3
Bxb4 22. Nc4 b6 23. Ne5 Bb7 24. Qd1 c5 25. Ng2 Rad8 26. Qc1 Bc3 27. Nc4 Qh3 28.
Nce3 Nb5 29. Ne1 Nd4 30. a3 Ne2 0-1

[Event "Ä15Ï"]
[Site "Loo"]
[Date "2017.04.23"]
[Round "4.33"]
[White "Ãàëèìîâà, Çàðèÿ."]
[Black "Ãàðáóçîâñêàÿ, Åëèçàâåòà."]
[Result "1-0"]
[WhiteElo "1305"]
[BlackElo "1445"]
[PlyCount "145"]
[EventDate "2017.04.20"]

1. e4 c5 2. c4 Nc6 3. Nc3 g6 4. g3 Bg7 5. Bg2 d6 6. Nge2 e6 7. d3 Nge7 8. O-O
O-O 9. Rb1 Nd4 10. Be3 Nec6 11. f4 Nxe2+ 12. Qxe2 Nd4 13. Qd2 Rb8 14. Kh1 b6
15. h3 Bb7 16. Kh2 f5 17. b4 Qe7 18. b5 fxe4 19. dxe4 Qd7 20. Rfd1 Rfd8 21. Ne2
e5 22. a4 Qe6 23. Qd3 a6 24. Nc3 axb5 25. axb5 Ra8 26. Ra1 Nb3 27. Rab1 Na5 28.
Nd5 Bxd5 29. exd5 Qe7 30. Re1 Nb7 31. fxe5 Bxe5 32. Bf4 Ra2 33. Bxe5 dxe5 34.
Ra1 Rda8 35. Rxa2 Rxa2 36. Qb3 Rf2 37. Qe3 Rf5 38. Be4 Rf8 39. Bd3 Re8 40. Be4
Nd6 41. Qd3 Qf6 42. Rf1 Qg5 43. Qf3 Qd2+ 44. Rf2 Qh6 45. Bd3 e4 46. Qf6 e3 47.
Re2 Ne4 48. Bxe4 Rxe4 49. d6 Qf8 50. Qxf8+ Kxf8 51. Kg2 Kf7 52. Kf3 Rxc4 53.
Rxe3 Rd4 54. Re7+ Kf6 55. Rxh7 Rxd6 56. Rc7 Ke6 57. Ke4 Rd4+ 58. Ke3 Kd5 59.
Rc6 Re4+ 60. Kf3 Re6 61. Rxe6 Kxe6 62. Ke4 Kd6 63. h4 c4 64. Kd4 c3 65. Kxc3
Kc5 66. g4 Kxb5 67. h5 gxh5 68. gxh5 Ka4 69. h6 b5 70. h7 b4+ 71. Kb2 b3 72.
h8=Q Ka5 73. Kxb3 1-0

[Event "Ä15Ï"]
[Site "Loo"]
[Date "2017.04.23"]
[Round "4.34"]
[White "Èâàíîâà, Àíàñòàñèÿ."]
[Black "Áàäðàêîâà, Êñåíèÿ."]
[Result "1/2-1/2"]
[WhiteElo "1257"]
[BlackElo "1422"]
[PlyCount "84"]
[EventDate "2017.04.20"]

1. d4 Nf6 2. c4 g6 3. Nc3 d6 4. Nf3 Bg7 5. e4 O-O 6. h3 Re8 7. Be2 Nfd7 8. O-O
h6 9. Be3 e5 10. dxe5 dxe5 11. Qd2 Kh7 12. Rfd1 c6 13. Rac1 Qe7 14. Na4 c5 15.
Qd5 Bf8 16. Bxc5 Nxc5 17. Nxc5 Kg7 18. Nb3 Nd7 19. Qd2 Nf6 20. Qc2 Bd7 21. Nbd2
Rac8 22. a3 b6 23. b4 Bc6 24. Bd3 Qd7 25. Qc3 Qc7 26. Re1 Bb7 27. Nb3 Nd7 28.
Re2 Rcd8 29. Rec2 Ba6 30. Rd2 Kg8 31. Rdc2 h5 32. Bf1 Bb7 33. Bd3 Ba6 34. Ne1
Bb7 35. c5 bxc5 36. bxc5 Bh6 37. Rb1 Bc6 38. Na5 Rb8 39. Rcb2 Rxb2 40. Rxb2 Rb8
41. Rxb8+ Nxb8 42. Nf3 Bg7 1/2-1/2

[Event "Ä15Ï"]
[Site "Loo"]
[Date "2017.04.23"]
[Round "4.35"]
[White "Õîìÿê, Àëåêñàíäðà."]
[Black "Óëàíîâñêàÿ, Âàëåðèÿ."]
[Result "1-0"]
[WhiteElo "1599"]
[BlackElo "1250"]
[PlyCount "69"]
[EventDate "2017.04.20"]

1. e4 d6 2. Nf3 Nd7 3. d4 e5 4. Bc4 Be7 5. O-O Ngf6 6. Nbd2 O-O 7. b3 c6 8. Bb2
b5 9. Bd3 Qc7 10. a4 bxa4 11. Rxa4 exd4 12. Nxd4 Nc5 13. Ra2 Nxd3 14. cxd3 c5
15. Nb5 Qb6 16. Nc3 Be6 17. Nc4 Qc6 18. Re1 Nd7 19. Nd5 Rfe8 20. Nxe7+ Rxe7 21.
Qa1 Bxc4 22. bxc4 Ne5 23. Re3 Qb6 24. f4 Ng4 25. Rg3 h5 26. h3 f5 27. hxg4 fxe4
28. dxe4 Rxe4 29. gxh5 Rxc4 30. Bxg7 Kf7 31. Qf6+ Ke8 32. Re2+ Kd7 33. Qe6+ Kc6
34. Qxc4 a5 35. Qe4+ 1-0

[Event "Ä15Ï"]
[Site "Loo"]
[Date "2017.04.23"]
[Round "4.38"]
[White "Êðûëîâà, Ìàðèÿ."]
[Black "Ìàëüöåâñêàÿ, Àííà."]
[Result "1-0"]
[WhiteElo "1308"]
[BlackElo "1358"]
[PlyCount "43"]
[EventDate "2017.04.20"]

1. e4 e5 2. Nf3 Nc6 3. Bc4 Bc5 4. c3 Nf6 5. d4 exd4 6. cxd4 Bb4+ 7. Bd2 Nxe4 8.
Bxb4 Nxb4 9. Bxf7+ Kxf7 10. Qb3+ d5 11. Ne5+ Ke8 12. Qxb4 Qg5 13. O-O Bh3 14.
g3 Bxf1 15. Qxb7 Qd8 16. Kxf1 Rf8 17. Qb5+ c6 18. Qxc6+ Ke7 19. f3 Rc8 20. Qb7+
Qc7 21. Qb4+ Kd8 22. Qxf8# 1-0

[Event "Ä15Ï"]
[Site "Loo"]
[Date "2017.04.23"]
[Round "4.39"]
[White "Øàäðóõèíà, Ñâåòëàíà."]
[Black "Âîëêîäàâ, Îëüãà."]
[Result "1/2-1/2"]
[WhiteElo "1368"]
[BlackElo "1607"]
[PlyCount "80"]
[EventDate "2017.04.20"]

1. c4 e6 2. Nc3 Nf6 3. e4 d5 4. cxd5 exd5 5. e5 Nfd7 6. d4 c6 7. Nf3 Bb4 8. Bd2
Nb6 9. a3 Bxc3 10. Bxc3 Bg4 11. Be2 f6 12. O-O N8d7 13. exf6 Nxf6 14. h3 Bh5
15. Ne5 Bxe2 16. Qxe2 O-O 17. Qd2 Ne4 18. Qc2 Nd7 19. Nxd7 Qxd7 20. Bd2 Nxd2
21. Qxd2 Rae8 22. Rfe1 Qf7 23. Rxe8 Rxe8 24. Rf1 Qf6 25. Qb4 Qe7 26. Qa5 a6 27.
Qd2 Qe2 28. Qb4 Qe7 29. Qc3 Qf6 30. Re1 Qf7 31. Re3 h6 32. Qb3 Re7 33. Qd1 Qe8
34. Qe2 Rxe3 35. fxe3 Qe4 36. Kh2 Qe7 37. Kg1 Qe4 38. Kh2 Qe7 39. Kg1 Qe4 40.
Kh2 Qe7 1/2-1/2

[Event "Ä17Ï"]
[Site "Loo"]
[Date "2017.04.23"]
[Round "4.1"]
[White "Äàíèëîâà, Ðàäà."]
[Black "Òàòàðèíîâà, Åëåíà."]
[Result "1/2-1/2"]
[WhiteElo "1828"]
[BlackElo "1840"]
[PlyCount "75"]
[EventDate "2017.04.20"]

1. d4 Nf6 2. c4 g6 3. g3 Bg7 4. Bg2 O-O 5. Nf3 d6 6. Nc3 Nbd7 7. O-O c6 8. h3
Qc7 9. e4 e5 10. Re1 Re8 11. Be3 Nh5 12. Rc1 b6 13. c5 bxc5 14. dxc5 Nxc5 15.
b4 Ne6 16. Nb5 Qb8 17. Nxa7 Rxa7 18. Bxa7 Qxa7 19. g4 Nhf4 20. Bf1 Ba6 21. Qa4
Ra8 22. Rxc6 Bxf1 23. Qxa7 Rxa7 24. Kxf1 Rxa2 25. Rxd6 Nxh3 26. Rd2 Ra3 27. Re3
Ra1+ 28. Re1 Rxe1+ 29. Kxe1 h5 30. gxh5 gxh5 31. b5 Nd4 32. Nxd4 exd4 33. b6
Ng5 34. b7 Be5 35. Ra2 Nxe4 36. Ra8+ Kg7 37. b8=Q Bxb8 38. Rxb8 {
äàëåå çàïèñü íåðàçáîð~~èâà} 1/2-1/2

[Event "Ä17Ï"]
[Site "Loo"]
[Date "2017.04.23"]
[Round "4.2"]
[White "Êîâàë¸âà, Åêàòåðèíà."]
[Black "Ñàáåòèàí, Ìîäæàâåðè Àëèíà."]
[Result "1-0"]
[WhiteElo "1974"]
[BlackElo "1563"]
[PlyCount "49"]
[EventDate "2017.04.20"]

1. e4 e6 2. d4 d5 3. Nd2 c5 4. c3 Nc6 5. Ngf3 Nf6 6. Bd3 Be7 7. O-O dxe4 8.
Nxe4 cxd4 9. cxd4 Qc7 10. a3 Bd7 11. Re1 O-O-O 12. b4 Nxe4 13. Rxe4 h6 14. b5
Na5 15. Bf4 Bd6 16. Rc1 Bxf4 17. Rxf4 Bc6 18. Ne5 g5 19. Rxf7 Qd6 20. bxc6 Qxd4
21. cxb7+ Kb8 22. Rc8+ Rxc8 23. bxc8=Q+ Rxc8 24. Qb1+ Ka8 25. Be4+ 1-0

[Event "Ä17Ï"]
[Site "Loo"]
[Date "2017.04.23"]
[Round "4.3"]
[White "Áàäìàåâà, Áàèíà."]
[Black "Ñàì÷åíêî, Ñåðàôèìà."]
[Result "0-1"]
[WhiteElo "1585"]
[BlackElo "1734"]
[PlyCount "104"]
[EventDate "2017.04.20"]

1. e4 c5 2. c3 d5 3. exd5 Qxd5 4. d4 Nf6 5. Nf3 e6 6. Be2 Nc6 7. O-O Be7 8. h3
O-O 9. Be3 cxd4 10. cxd4 b6 11. Nc3 Qd6 12. Rc1 Bb7 13. a3 Rac8 14. Qd2 Na5 15.
Nb5 Qd5 16. Rxc8 Bxc8 17. Qd3 Nc6 18. Nc3 Qd8 19. Rc1 Bb7 20. Ng5 h6 21. Nge4
Qa8 22. f3 Rd8 23. Qc4 Nd5 24. Bf2 Na5 25. Qa2 Nf4 26. Bf1 Nc6 27. Rd1 Nb8 28.
Qb1 Nd7 29. Bg3 Nd5 30. Qc1 N7f6 31. Qd2 Nh5 32. Bh2 Nxc3 33. Nxc3 Qc8 34. Kh1
Bg5 35. Qf2 Be7 36. Qe3 Nf6 37. Nb5 Nd5 38. Qd2 a6 39. Rc1 Qd7 40. Nc7 b5 41.
Nxd5 Qxd5 42. Rc7 Bf6 43. Qf4 Bc8 44. Bg1 e5 45. Qc1 Be6 46. dxe5 Qxe5 47. b4
Bg5 48. Qc2 Qe1 49. Qe2 Rd1 50. Qxe1 Rxe1 51. h4 Bf4 52. g3 Bxc7 0-1

[Event "Ä17Ï"]
[Site "Loo"]
[Date "2017.04.23"]
[Round "4.4"]
[White "Áó÷èíà, Ïîëèíà."]
[Black "Êóðêîâà, Ñîôüÿ."]
[Result "1-0"]
[WhiteElo "1787"]
[BlackElo "1656"]
[PlyCount "103"]
[EventDate "2017.04.20"]

1. Nf3 d5 2. d4 Nf6 3. c3 e6 4. Bf4 Be7 5. h3 c5 6. e3 Nc6 7. Bd3 a6 8. Nbd2
O-O 9. O-O b5 10. dxc5 Bxc5 11. Qc2 Bb7 12. e4 h6 13. Rad1 Rc8 14. e5 Nd7 15.
Nb3 Ba7 16. Qd2 f5 17. exf6 Qxf6 18. Be3 Bxe3 19. fxe3 Qe7 20. e4 Nce5 21. Nxe5
Nxe5 22. exd5 Nxd3 23. Rxf8+ Rxf8 24. Qxd3 Bxd5 25. Qd4 Qg5 26. Qd2 Qg3 27. Rf1
Rxf1+ 28. Kxf1 Qh2 29. Qf2 Bc4+ 30. Ke1 Qh1+ 31. Kd2 Qb1 32. Ke3 Qd3+ 33. Kf4
g5+ 34. Ke5 Qd5+ 35. Kf6 e5 36. Ke7 Qe6+ 37. Kd8 Qd6+ 38. Kc8 Be6+ 39. Kb7 Bd5+
40. Kc8 Qc6+ 41. Kd8 Qa8+ 42. Kc7 Qb7+ 43. Kd6 Bxg2 44. Nc5 Qc6+ 45. Ke7 Bd5
46. Qf8+ Kh7 47. Qf5+ Qg6 48. Qxe5 Bxa2 49. b3 Bb1 50. Ne6 Kg8 51. Qb8+ Kh7 52.
Nf8+ 1-0

[Event "Ä17Ï"]
[Site "Loo"]
[Date "2017.04.23"]
[Round "4.5"]
[White "Áåçâåðõàÿ, Ìàðèíà."]
[Black "Àëåêñàíäðîâà, Åëèçàâåòà."]
[Result "0-1"]
[WhiteElo "1758"]
[BlackElo "1620"]
[PlyCount "61"]
[EventDate "2017.04.20"]

1. e4 c5 2. c3 d5 3. exd5 Qxd5 4. d4 cxd4 5. cxd4 Nc6 6. Nf3 e6 7. Be2 Nf6 8.
O-O g6 9. Nc3 Qa5 10. Qb3 Bg7 11. Rd1 O-O 12. Bf4 Rd8 13. Rac1 a6 14. a3 Rd7
15. Rc2 Qd8 16. Rcd2 Nd5 17. Nxd5 Rxd5 18. Be3 b5 19. Qc2 Bb7 20. b4 a5 21. Qb2
axb4 22. axb4 Ra4 23. Qb1 Rxb4 24. Rb2 Rxb2 25. Qxb2 b4 26. Bc4 Ra5 27. Ra1
Rxa1+ 28. Qxa1 Qa5 29. Qb1 Ne7 30. Nd2 Nd5 31. Nb3 {äàëåå çàïèñü íåðàçáîð~~èâà}
0-1

[Event "Ä17Ï"]
[Site "Loo"]
[Date "2017.04.23"]
[Round "4.6"]
[White "Ðåâà, Ëþáîâü."]
[Black "Çàêàðÿí, Äèàíà."]
[Result "1-0"]
[WhiteElo "1604"]
[BlackElo "1755"]
[PlyCount "57"]
[EventDate "2017.04.20"]

1. d4 d5 2. Bf4 e6 3. e3 c5 4. Nf3 Nc6 5. c3 Nf6 6. Bd3 c4 7. Bc2 Bd6 8. Bxd6
Qxd6 9. Nbd2 b5 10. O-O O-O 11. e4 Qc7 12. e5 Ne8 13. Bxh7+ Kh8 14. Bc2 g6 15.
Nh4 Kg7 16. Qg4 Ne7 17. Qg5 Nf5 18. Ndf3 Rh8 19. g4 Nxh4 20. Nxh4 Rh6 21. f4
Bd7 22. f5 Qd8 23. f6+ Kh7 24. Ng2 Nc7 25. h4 Qh8 26. h5 Rf8 27. Rf3 Be8 28.
Rh3 a5 29. hxg6+ 1-0

[Event "Ä17Ï"]
[Site "Loo"]
[Date "2017.04.23"]
[Round "4.7"]
[White "Êðàïèâèíà, Ãàëèíà."]
[Black "Åôèìîâà, Òóÿðà."]
[Result "1-0"]
[WhiteElo "1744"]
[BlackElo "1525"]
[PlyCount "109"]
[EventDate "2017.04.20"]

1. e4 c6 2. d4 d5 3. Nc3 dxe4 4. Nxe4 Bf5 5. Ng3 Bg6 6. Bc4 e6 7. N1e2 Be7 8.
O-O Nf6 9. f4 O-O 10. f5 exf5 11. Nxf5 Re8 12. Neg3 Nbd7 13. Kh1 Nb6 14. Bb3
Bd6 15. Bg5 Be7 16. Nxe7+ Qxe7 17. Bxf6 gxf6 18. Qg4 Kh8 19. Nh5 Nd7 20. Qf3
Qe2 21. Nxf6 Qxf3 22. Rxf3 Nxf6 23. Rxf6 Kg7 24. Raf1 Re7 25. h3 a5 26. a3 a4
27. Ba2 Rae8 28. R6f2 Re2 29. c3 Rxf2 30. Rxf2 Re1+ 31. Kh2 b5 32. c4 Ra1 33.
cxb5 cxb5 34. Bd5 Rd1 35. Bc6 Bd3 36. Bf3 Re1 37. Rd2 Bc4 38. Kg3 Kf6 39. Kf4
h6 40. Kg4 Re3 41. Kh5 Kg7 42. d5 Re5+ 43. Kg4 Kf6 44. Kf4 Rf5+ 45. Ke4 Re5+
46. Kd4 Re8 47. Kc5 Ke5 48. Kc6 Rc8+ 49. Kd7 Rc5 50. d6 Be6+ 51. Ke7 Rc8 52. d7
Rc7 53. Ke8 Bxd7+ 54. Rxd7 Rxd7 55. Kxd7 1-0

[Event "Ä17Ï"]
[Site "Loo"]
[Date "2017.04.23"]
[Round "4.8"]
[White "Ìàðòûø, Äàðüÿ."]
[Black "Ãîðåíêîâà, Àííà."]
[Result "0-1"]
[WhiteElo "1661"]
[BlackElo "1488"]
[PlyCount "67"]
[EventDate "2017.04.20"]

1. e4 c5 2. Nc3 Nc6 3. Nge2 g6 4. d4 cxd4 5. Nxd4 Bg7 6. Nde2 a6 7. g3 b5 8.
Bg2 b4 9. Nd5 e6 10. Ne3 Nf6 11. Nc4 d5 12. e5 Ng4 13. Nd6+ Kf8 14. Nxc8 Rxc8
15. O-O Ncxe5 16. Nd4 h5 17. a3 a5 18. axb4 axb4 19. h3 Nf6 20. Qe1 Qd6 21. Bd2
Rc4 22. Nb5 Qb8 23. Bxb4+ Kg8 24. Bd6 Qxb5 25. Bxe5 Rxc2 26. Bc3 Re2 27. Qc1
Ne4 28. Bxg7 Kxg7 29. Bxe4 Rxe4 30. Rd1 Rc4 31. Qd2 Rhc8 32. Ra7 Qb6 33. Rda1
Re8 34. R1a2 {äàëåå çàïèñü íåðàçáîð~~èâà} 0-1

[Event "Ä17Ï"]
[Site "Loo"]
[Date "2017.04.23"]
[Round "4.9"]
[White "Ïåòðîâà, Ìàðèÿ."]
[Black "Ìàëîçåìîâà, Äàðüÿ."]
[Result "1-0"]
[WhiteElo "1835"]
[BlackElo "1687"]
[PlyCount "55"]
[EventDate "2017.04.20"]

1. e4 e5 2. Nf3 Nc6 3. Bb5 a6 4. Ba4 Nf6 5. O-O b5 6. Bb3 Be7 7. Re1 O-O 8. c3
d5 9. exd5 Nxd5 10. Nxe5 Nxe5 11. Rxe5 Nf6 12. d4 Bd6 13. Re1 Ng4 14. h3 Qh4
15. Be3 Bh2+ 16. Kf1 Bf4 17. Qd2 Bxe3 18. fxe3 Nh2+ 19. Kg1 Qg3 20. Bd5 Bxh3
21. Qf2 Qxf2+ 22. Kxf2 Rad8 23. gxh3 Rxd5 24. Kg3 Rf5 25. Nd2 g5 26. Re2 h5 27.
Rxh2 Rf6 28. Rf1 1-0

[Event "Ä17Ï"]
[Site "Loo"]
[Date "2017.04.23"]
[Round "4.10"]
[White "Ïðîòàñîâà, Àíàñòàñèÿ."]
[Black "Çàõàðîâà, Äèàíà."]
[Result "1/2-1/2"]
[WhiteElo "1801"]
[BlackElo "1720"]
[PlyCount "44"]
[EventDate "2017.04.20"]

1. d4 d5 2. c4 c6 3. e3 Nf6 4. Nf3 a6 5. Qc2 Bg4 6. Nbd2 e6 7. Bd3 Nbd7 8. O-O
Be7 9. Re1 Rc8 10. c5 Qc7 11. a3 Bh5 12. b4 Bg6 13. e4 dxe4 14. Nxe4 Nd5 15.
Qd2 Rd8 16. Rb1 N7f6 17. Nc3 Bxd3 18. Qxd3 Nxc3 19. Qxc3 Nd5 20. Qd3 Bf6 21.
Ne5 Qe7 22. Qg3 Nc7 {äàëåå çàïèñü íåðàçáîð~~èâà} 1/2-1/2

[Event "Ä17Ï"]
[Site "Loo"]
[Date "2017.04.23"]
[Round "4.11"]
[White "Áåëÿêîâà, Èëîíà."]
[Black "Êàíåâñêàÿ, Àíàñòàñèÿ."]
[Result "1-0"]
[WhiteElo "1600"]
[BlackElo "1353"]
[PlyCount "53"]
[EventDate "2017.04.20"]

1. d4 d5 2. c4 e6 3. g3 Nf6 4. Nf3 Be7 5. Bg2 b6 6. O-O O-O 7. Nc3 Bb7 8. cxd5
Nxd5 9. Nxd5 Bxd5 10. Qc2 f5 11. Bf4 Bd6 12. Bxd6 cxd6 13. Rac1 Nc6 14. Rfd1
Rc8 15. b3 Qf6 16. Qd2 Bxf3 17. Bxf3 d5 18. e3 Rc7 19. Rc3 Rfc8 20. Rdc1 Qe7
21. Be2 Nb8 22. R1c2 Qd6 23. f3 Kf7 24. Kf2 Rxc3 25. Rxc3 Qb4 26. Rc7+ Rxc7 27.
Qxb4 1-0

[Event "Ä17Ï"]
[Site "Loo"]
[Date "2017.04.23"]
[Round "4.12"]
[White "Ìèíüêî, Îëüãà."]
[Black "Ôîíÿê, Ìàðèíà."]
[Result "0-1"]
[WhiteElo "1597"]
[BlackElo "1780"]
[PlyCount "78"]
[EventDate "2017.04.20"]

1. e4 c5 2. Nf3 d6 3. d4 cxd4 4. Nxd4 Nf6 5. Nc3 g6 6. Be3 Bg7 7. f3 Nc6 8. Qd2
h5 9. h4 Bd7 10. O-O-O a6 11. Be2 Rc8 12. Rdg1 Qc7 13. Kb1 Ne5 14. Qd1 Nc4 15.
Bxc4 Qxc4 16. g4 b5 17. g5 Nh7 18. Nd5 Rb8 19. Qd2 e6 20. Nc3 b4 21. Nd1 O-O
22. Nb3 Rfc8 23. Rg2 Qc7 24. Rf2 Nf8 25. Nd4 e5 26. Ne2 Bc6 27. Ng3 Ne6 28.
Rhf1 Nf4 29. Bxf4 exf4 30. Ne2 Bb5 31. Re1 Bxe2 32. Rfxe2 Bc3 33. Nxc3 bxc3 34.
Qd5 Rb5 35. Qd4 Rxb2+ 36. Ka1 Rcb8 37. Qa4 Qb6 38. a3 Ra2+ 39. Kxa2 Qb2# 0-1

[Event "Ä17Ï"]
[Site "Loo"]
[Date "2017.04.23"]
[Round "4.14"]
[White "Óðâà÷¸âà, Àðèíà."]
[Black "×àãèíà, Óëüÿíà."]
[Result "0-1"]
[WhiteElo "1706"]
[BlackElo "1433"]
[PlyCount "36"]
[EventDate "2017.04.20"]

1. d4 Nf6 2. c4 e6 3. Nf3 c5 4. e3 cxd4 5. exd4 d5 6. Bd3 dxc4 7. Bxc4 Nbd7 8.
O-O Nb6 9. Bb3 Be7 10. Nc3 Nbd5 11. Bg5 O-O 12. Re1 h6 13. Nxd5 Nxd5 14. Bxd5
Bxg5 15. Nxg5 Qxg5 16. Bc4 Rd8 17. Bd3 a5 18. Rc1 f5 {
äàëåå çàïèñü íåðàçáîð~~èâà} 0-1

[Event "Ä17Ï"]
[Site "Loo"]
[Date "2017.04.23"]
[Round "4.15"]
[White "Ïîëÿíñêàÿ, Åëèçàâåòà."]
[Black "Ñâèðèäîâà, Àíàñòàñèÿ."]
[Result "1/2-1/2"]
[WhiteElo "1611"]
[BlackElo "1278"]
[PlyCount "115"]
[EventDate "2017.04.20"]

1. d4 d5 2. e3 Nf6 3. Bd3 c5 4. c3 Nc6 5. Nf3 e6 6. Ne5 Bd6 7. f4 c4 8. Bc2
Bxe5 9. fxe5 Ne4 10. O-O Qe7 11. Bxe4 dxe4 12. Nd2 f5 13. exf6 gxf6 14. Qh5+
Kd8 15. Nxe4 Rf8 16. Nd2 b6 17. Qb5 Bb7 18. Qxc4 Rg8 19. Nf3 Rc8 20. Qe2 Nb8
21. Qf2 Rg7 22. Re1 Kc7 23. e4 Rcg8 24. Bf4+ Kc8 25. Bg3 Nd7 26. c4 Rg4 27. Qc2
Kd8 28. Rac1 e5 29. d5 Qc5+ 30. Qf2 Qxf2+ 31. Kxf2 Nc5 32. Re3 Nxe4+ 33. Kf1
Nxg3+ 34. hxg3 Rxg3 35. Rc2 h5 36. Rce2 Ba6 37. b3 b5 38. Nd2 h4 39. Rxg3 Rxg3
40. Rf2 Rd3 41. Rxf6 Bc8 42. Ne4 bxc4 43. bxc4 h3 44. Rf8+ Kc7 45. gxh3 Bxh3+
46. Kf2 Rd4 47. Ng5 Rh4 48. Rf7+ Kb6 49. Nxh3 Rxh3 50. Rf6+ Kc7 51. c5 Rh2+ 52.
Ke3 Rxa2 53. Rf7+ Kd8 54. d6 Rc2 55. Rf8+ Kd7 56. Rf7+ Kd8 57. Rf8+ Kd7 58.
Rf7+ 1/2-1/2

[Event "Ä17Ï"]
[Site "Loo"]
[Date "2017.04.23"]
[Round "4.17"]
[White "Îñòàøåâà, Àíàñòàñèÿ."]
[Black "Áàðñêîâà, Ïîëèíà."]
[Result "1-0"]
[WhiteElo "1391"]
[BlackElo "1761"]
[PlyCount "39"]
[EventDate "2017.04.20"]

1. e4 e5 2. Nf3 Nc6 3. Bb5 d6 4. O-O Nf6 5. d4 exd4 6. Nxd4 Bd7 7. Re1 Be7 8.
Bg5 O-O 9. Nc3 h6 10. Bh4 Re8 11. Qd3 Ne5 12. Qg3 Nh5 13. Bxe7 Qxe7 14. Qe3
Bxb5 15. Ncxb5 a6 16. Nf5 Qd7 17. Nc3 Nf6 18. Rad1 Nc4 19. Qg3 Kh7 20. Qxg7#
1-0

[Event "Ä17Ï"]
[Site "Loo"]
[Date "2017.04.23"]
[Round "4.18"]
[White "Øìèäò, Êñåíèÿ."]
[Black "×óëî÷íèêîâà, Îëüãà."]
[Result "1/2-1/2"]
[WhiteElo "1490"]
[BlackElo "1318"]
[PlyCount "89"]
[EventDate "2017.04.20"]

1. d4 d5 2. Nf3 Nf6 3. c4 e6 4. Nc3 Nbd7 5. Bg5 c6 6. e3 Qa5 7. a3 dxc4 8. Bxf6
Nxf6 9. Bxc4 Nd5 10. Qc1 Bd6 11. O-O Nxc3 12. Qxc3 Qxc3 13. bxc3 b5 14. Bd3 a5
15. Rfb1 Rb8 16. Nd2 h5 17. Ne4 Bc7 18. Nc5 Bd6 19. Ne4 Bc7 20. Rb2 Ke7 21.
Rab1 Bd7 22. Be2 e5 23. Nc5 exd4 24. cxd4 Bd6 25. Rc1 g6 26. Rbc2 Rhc8 27. Bf3
Rb6 28. e4 f6 29. h3 Kd8 30. g4 hxg4 31. Nxd7 Kxd7 32. Bxg4+ f5 33. exf5 Kc7
34. fxg6 Rg8 35. Bf5 Bxa3 36. Re1 a4 37. d5 c5 38. Re7+ Kd6 39. Rce2 Kxd5 40.
Rd2+ Kc4 41. Ra2 Rbxg6+ 42. Bxg6 Rxg6+ 43. Kf1 Kb3 44. Rae2 c4 45. R7e3+
1/2-1/2